Normal view
MARC view
Entry Personal Name
001 - CONTROL NUMBER
- control field: 213277
003 - CONTROL NUMBER IDENTIFIER
- control field: MY-SjTCS
005 - DATE AND TIME OF LATEST TRANSACTION
- control field: 20200306154536.0
008 - FIXED-LENGTH DATA ELEMENTS
- fixed length control field: 200306|| aca||aabn | a|a d
040 ## - CATALOGING SOURCE
- Original cataloging agency: MY-SjTCS
- Transcribing agency: MY-SjTCS
100 ## - HEADING--PERSONAL NAME
- Personal name: Sambasivan, Murali.
670 ## - SOURCE DATA FOUND
- Source citation: Work cat.: (MY-SjTCS)29939: Choo, Wei Chong. 213275, Business statistics /, c2002